000 00482nam a2200181Ia 4500
005 20250326124528.0
008 250326s9999 xx 000 0 und d
037 _aTextbook
040 _aFMSL
_beng
_cFMSL
041 _aeng
_2eng
084 _aX:8 K9
_qFMSL
100 _aPunekar S D
245 0 _aManagement white - collar relations
_cPunekar S D
260 _aBombay
_bBombay, Popular
_c1969
300 _a362p
942 _cTB
_hX:8 K9
999 _c1274066
_d1274066